00785nam a22002297a 4500003001100000005001700011008004100028040003900069041000800108082001400116245009400130250001600224260003700240300001100277650001000288700002700298700003100325942000700356952008900363952008800452999001500540LK-CoMWRAF20231215151742.0230922b1988 |||||||| |||| 00| 0 eng d aLK-CoMWRAFdLK-CoMWRAFeLK-CoMWRAF aeng a297 bFOR aThe Forty questions:basked of the Prophet Muhammad by the Jews of Medina and his answers a2nd Edition a[Girna-Mersin]:b[Author]'c1988 a104 p. aIslam aFiraqi, Maulanaecomp. aShukrullah, Radhiaetrans. cBK 00104070aMAINbMAINd2023-09-22l0o297 FIRpRAF1284r2023-09-22w2023-09-22yBK 00104070aMAINbMAINd2023-12-15l0o297 FORpRAF4570r2023-12-15w2023-12-15yBK c3622d3622